000 00414nam a2200145Ia 4500
008 100204s9999 xx 000 0 und d
082 _b4004
100 _aसिनकर श्रीकांत
245 _aलॉक अप
260 _b"दिलिप प्रकाशन , मुंबई"
_c1975
300 _a193
630 _aलॉक अप
730 _aलॉक अप
942 _cBOOK
999 _c465689
_d465686